| 000 | 01695nam a2200457 i 4500 | ||
|---|---|---|---|
| 001 | 14809 | ||
| 003 | KOSZ 005 | ||
| 005 | 20220307143304.0 | ||
| 008 | 061031s1972 pl f 000 0 pol | ||
| 015 | _aPB 1973/293 | ||
| 035 | _a991032110259705066 | ||
| 035 | _a(PL-WaBN)b18621545-48omnis_nlop | ||
| 035 | _ab18621545 | ||
| 035 | _a(OCoLC)838910007 | ||
| 035 | _a(PL)b0000001862154 | ||
| 035 | _a(EXLNZ-48OMNIS_NETWORK)9910325425705606 | ||
| 040 |
_aWA N _cWA N _dKOSZ 005/KK |
||
| 080 | _a811.162.1'35'374(075.2) | ||
| 100 | 1 |
_aJodłowski, Stanisław _d(1902-1979). _eAutor |
|
| 245 | 1 | 0 |
_aZasady pisowni polskiej i interpunkcji ze słownikiem ortograficznym / _cS. Jodłowski, W. Taszycki. |
| 250 | _aWydanie 17, przerobione i rozszerzone | ||
| 260 |
_aWrocław : _bZakł. Nar. im. Ossolińskich, _c1972. |
||
| 300 |
_a447 stron ; _c24 cm. |
||
| 336 |
_2rdacontent _aTekst _btxt |
||
| 337 |
_2rdamedia _aBez rządzenia pośredniczącego _bn |
||
| 338 |
_2rdacarrier _aWolumin _bnc |
||
| 380 | _aKsiążki | ||
| 380 | _aPublikacje dydaktyczne | ||
| 385 |
_mPoziom nauczania _aSzkoły podstawowe |
||
| 388 | _a1901-2000 | ||
| 500 | _aDostosowane do uchwał Komitetu Językoznawstwa Polskiej Akademii Nauk z 20 stycznia 1956 roku. | ||
| 650 | 7 |
_aJęzyk polski _2DBN |
|
| 655 | 7 |
_aMateriały pomocnicze _2DBN |
|
| 658 | _aJęzykoznawstwo | ||
| 655 | 7 |
_aSłownik języka polskiego _2DBN |
|
| 655 | 7 |
_aSłownik ortograficzny _2DBN |
|
| 700 | 1 |
_aTaszycki, Witold _d(1898-1979) |
|
| 856 |
_uhttp://koha.tu.koszalin.pl/cgi-bin/koha/opac-detail.pl?biblionumber=14809 _yKatalog online BPK |
||
| 942 |
_2UKD _cKS |
||
| 999 |
_c14809 _d14809 |
||